लेखक, चोकीदार ओपर बुलबुल / (Record no. 198643)
[ view plain ]
| 000 -LEADER | |
|---|---|
| fixed length control field | 00847nam a22001817a 4500 |
| 005 - DATE AND TIME OF LATEST TRANSACTION | |
| control field | 20230929115402.0 |
| 010 ## - LCCN (DPL NO) | |
| LC control number | B-755846 |
| 020 ## - INTERNATIONAL STANDARD BOOK NUMBER | |
| International Standard Book Number | 9789394083073 |
| Terms of availability | 395.00 |
| 035 ## - SYSTEM CONTROL NUMBER | |
| System control number | B-755846 |
| 082 ## - DEWEY DECIMAL CLASSIFICATION NUMBER | |
| Edition number | 2022 |
| Classification number | क |
| Item number | 1 |
| 100 ## - MAIN ENTRY--PERSONAL NAME | |
| Personal name | शर्मा एल आर |
| 245 ## - TITLE STATEMENT | |
| Title | लेखक, चोकीदार ओपर बुलबुल / |
| Statement of responsibility, etc | एल . आर . शर्मा |
| 260 ## - PUBLICATION, DISTRIBUTION, ETC. (IMPRINT) | |
| Place of publication, distribution, etc | दिल्ली |
| Name of publisher, distributor, etc | नीरज बुक सेंटर |
| Date of publication, distribution, etc | 2022 |
| 270 ## - ADDRESS | |
| Address | सी 32 , आर्यनगर सोसाइटी , प्लाट 91 आई पि एक्सटेंशन |
| City | दिल्ली |
| Postal code | 110092 |
| 300 ## - PHYSICAL DESCRIPTION | |
| Extent | 152पृ. |
| Other physical details | 23सेमी (सजिल्द) |
| 942 ## - ADDED ENTRY ELEMENTS (KOHA) | |
| Source of classification or shelving scheme | Dewey Decimal Classification |
| Item type | Hindi Books |
| Edition | 2022 |
| Classification part | क |
| Call number suffix | शर्माए |
| Withdrawn status | Lost status | Not for loan | Collection code | Home library | Current library | Date acquired | Source of acquisition | Cost, normal purchase price | Full call number | Barcode | Copy number | Cost, replacement price | Koha item type |
|---|---|---|---|---|---|---|---|---|---|---|---|---|---|
| Fiction | Ashok Vihar | Ashok Vihar | 29/09/2023 | उपहार/4.9.23 | 395.00 | क शर्माए | B-755846 | 1 | 395.00 | Hindi Books |
